000 01082nac a22003011u 4500
008 110619s2004 njuab frb 001 0 eng d
010 _a 2003048235
020 _a0131217267
020 _a9780131217263
040 _aEG-ScBUE
_beng
_cEG-ScBUE
082 0 4 _a658.18
_bDAN
_222
100 1 _aDaniels, John D.
_925496
245 1 0 _aInternational Business :
_cJohn D. Daniels, Lee H. Radebaugh, Daniel P. Sullivan.
_bEnvironments and Operations /
250 _a10th ed.
260 _aUpper Saddle River :
_bPrentice Hall,
_cc.2004.
300 _axxxiii, 701 p. :
_bcol. ill., col. maps ;
_c29 cm.
500 _aIndexes: p. 679-702.
504 _aIncludes bibliographical references.
590 _aMenna Elemam
650 0 _aInternational business enterprises.
_925497
_2BUEsh
650 0 _aInternational economic relations.
_925498
_2BUEsh
650 0 _aInvestments, Foreign.
_925499
_2BUEsh
651 _2BUEsh
653 _bBUSADM
_cAugust2015
700 1 _aRadebaugh, Lee H.
_925500
700 1 _aSullivan, Daniel P.
_925501
942 _cBB
_k658.18 DAN
_2ddc
999 _c4564
_d4564